| 000 | 00784cam a2200241 a 4500 | ||
|---|---|---|---|
| 001 | 14302632 | ||
| 005 | 20180104050020.0 | ||
| 008 | 060316s2007 nyua b 001 0 eng | ||
| 010 | _a 2006044759 | ||
| 020 | _a0321385926 | ||
| 035 | _a(OCoLC)ocm65205158 | ||
| 040 |
_aDLC _cDLC _dYDX _dBAKER _dIXA _dDLC |
||
| 041 | _aeng | ||
| 080 | _a808.06657 | ||
| 082 | 0 | 0 |
_a808.06657 PECH _222 |
| 100 | 1 | _a11 | |
| 101 | _aBIO | ||
| 245 | 1 | 2 |
_aA short guide to writing about biology / _cJan A. Pechenik. |
| 504 | _aIncludes bibliographical references (p. 296-297). | ||
| 906 |
_a7 _bcbc _corignew _d1 _eocip _f20 _gy-gencatlg |
||
| 942 |
_2ddc _cBK |
||
| 999 |
_c39703 _d39703 |
||